<?xml version="1.0" encoding="UTF-8"?>
<collection xmlns="http://www.loc.gov/MARC21/slim">
    <record>
        <controlfield tag="001">99431</controlfield>
        <controlfield tag="005">20210302100601.0</controlfield>
        <datafield tag="024" ind1="8" ind2=" ">
            <subfield code="2">sideral</subfield>
            <subfield code="a">122512</subfield>
        </datafield>
        <datafield tag="037" ind1=" " ind2=" ">
            <subfield code="a">ART-2018-122512</subfield>
        </datafield>
        <datafield tag="041" ind1=" " ind2=" ">
            <subfield code="a">spa</subfield>
        </datafield>
        <datafield tag="100" ind1=" " ind2=" ">
            <subfield code="0">(orcid)0000-0002-8191-3199</subfield>
            <subfield code="a">Oller Marcen, Antonio Miguel</subfield>
        </datafield>
        <datafield tag="245" ind1=" " ind2=" ">
            <subfield code="a">Leyendo problemas antiguos. Dos ejemplos del siglo XVII español</subfield>
        </datafield>
        <datafield tag="260" ind1=" " ind2=" ">
            <subfield code="c">2018</subfield>
        </datafield>
        <datafield tag="506" ind1="0" ind2=" ">
            <subfield code="a">Access copy available to the general public</subfield>
            <subfield code="f">Unrestricted</subfield>
        </datafield>
        <datafield tag="520" ind1="3" ind2=" ">
            <subfield code="a">En este breve trabajo hemos presentado dos ejemplos de cómo leer un problema antiguo. Ambos problemas, sobre todo el primero, pueden resolverse con cierta facilidad utilizando técnicas algebraicas, sin embargo, en ninguno de los dos casos el autor hizo uso de dichas técnicas para su resolución. Es más, en ambos casos la solución dada por el autor se limita a enumerar las operaciones concretas que se deben realizar con los datos concretos del problema para obtener la solución.
La necesidad de considerar detenidamente los problemas estudiados y de buscar los argumentos subyacentes a las soluciones meramente descriptivas que presentaban los autores supone un ejercicio interesante para un docente, ya sea en formación o en ejercicio. Obliga, por ejemplo, a considerar distintos niveles de razonamiento aritmético o algebraico para encontrar soluciones adecuadas desde un punto de vista histórico. También implica la comparación de distintos métodos de resolución, valorando ventajas e inconvenientes de cada uno de ellos.
En algunas ocasiones las soluciones originales, pese a tratarse de simples “recetas” son susceptibles de ser generalizadas para ser utilizadas en situaciones más generales. De hecho, algunos investigadores sostienen que ese era uno de los objetivos de los autores al plantear ese tipo de soluciones. De hecho, supone un ejercicio interesante, que podría completar el análisis realizado, platear versiones generales no sólo de los enunciados de los problemas, sino también de los métodos de resolución presentados.
En cualquier caso, pensamos que este tipo de trabajo con textos históricos es interesante para el profesorado y animamos a los lectores a que aborden este tipo de lecturas.</subfield>
        </datafield>
        <datafield tag="540" ind1=" " ind2=" ">
            <subfield code="9">info:eu-repo/semantics/openAccess</subfield>
            <subfield code="a">by-nc</subfield>
            <subfield code="u">http://creativecommons.org/licenses/by-nc/3.0/es/</subfield>
        </datafield>
        <datafield tag="655" ind1=" " ind2="4">
            <subfield code="a">info:eu-repo/semantics/article</subfield>
            <subfield code="v">info:eu-repo/semantics/acceptedVersion</subfield>
        </datafield>
        <datafield tag="773" ind1=" " ind2=" ">
            <subfield code="g">88 (2018), 19-26</subfield>
            <subfield code="p">Suma</subfield>
            <subfield code="t">Suma</subfield>
            <subfield code="x">1130-488X</subfield>
        </datafield>
        <datafield tag="856" ind1="4" ind2=" ">
            <subfield code="s">646464</subfield>
            <subfield code="u">http://zaguan.unizar.es/record/99431/files/texto_completo.pdf</subfield>
            <subfield code="y">Postprint</subfield>
        </datafield>
        <datafield tag="856" ind1="4" ind2=" ">
            <subfield code="s">2348798</subfield>
            <subfield code="u">http://zaguan.unizar.es/record/99431/files/texto_completo.jpg?subformat=icon</subfield>
            <subfield code="x">icon</subfield>
            <subfield code="y">Postprint</subfield>
        </datafield>
        <datafield tag="909" ind1="C" ind2="O">
            <subfield code="o">oai:zaguan.unizar.es:99431</subfield>
            <subfield code="p">articulos</subfield>
            <subfield code="p">driver</subfield>
        </datafield>
        <datafield tag="951" ind1=" " ind2=" ">
            <subfield code="a">2021-03-02-07:50:05</subfield>
        </datafield>
        <datafield tag="980" ind1=" " ind2=" ">
            <subfield code="a">ARTICLE</subfield>
        </datafield>
    </record>

    
</collection>